000 01248nam a2200349 i 4500
001 bg
003 KOSZ 005
005 20191219142341.0
008 971016s1988 pl a f f |000 0 pol
015 _aPB 1989/704
020 _a8301054131
020 _a8301078308
035 _a(OCoLC)749481536
040 _aWA N
_cKOSZ 005/HR
_dKOSZ 005/HR
080 _a621.01
080 _a(075.8)
245 0 0 _aPodstawy konstrukcji maszyn.
_nT. 2 /
_cpod red. Marka Dietricha.
_c[aut. Marek Bijak-Żochowski et al /] /
260 _aWarszawa :
_bPańst. Wydaw. Naukowe,
_c1988.
300 _a514, [1] s. :
_bfot., rys., wykr. ;
_c24 cm.
336 _2rdacontent
_aTekst
_btxt
337 _2rdamedia
_aBez urządzenia pośredniczącego
_bn
338 _2rdacarrier
_aWolumin
_bnc
380 _aKsiążki.
504 _aBibliogr. przy rozdz., wykaz norm związanych s. 255-261.
650 4 _aMaszyny
_xbudowa i konstrukcje.
658 _aInżynieria i technika
655 4 _aPodręczniki akademickie
700 1 _aDietrich, Marek
_d(1934-2009)
_eRedakcja
700 1 _aBijak-Żochowski, Marek
_eAutor
856 _uhttp://koha.tu.koszalin.pl/cgi-bin/koha/opac-detail.pl?biblionumber=3823
_yKatalog online BPK
942 _2UKD
_cKS
999 _c3823
_d3823